The housemaid (Record no. 35858)

MARC details
000 -LEADER
fixed length control field 00418nam a2200181Ia 4500
020 ## - INTERNATIONAL STANDARD BOOK NUMBER
ISBN 9780435910082
050 ## - CALL MARK
Classification number PR 9379.9 .D25 .H68/
100 ## - STATEMENT OF RESPONSIBILITY--MAIN AUTHOR NAME
Personal name Darko, Amma
245 #4 - TITLE STATEMENT
Title The housemaid
260 ## - PUBLICATION, DISTRIBUTION, ETC. (IMPRINT)
Place of publication Oxford
260 ## - PUBLICATION, DISTRIBUTION, ETC. (IMPRINT)
Name of publisher Pearson Education Ltd
260 ## - PUBLICATION, DISTRIBUTION, ETC. (IMPRINT)
Year of publication 1998
300 ## - PHYSICAL DESCRIPTION
Number of Pages 107 p
650 ## - SUBJECT ADDED ENTRY--TOPICAL TERM
Topical Term Ghana --Fiction
942 ## - ADDED ENTRY ELEMENTS (KOHA)
Koha item type Books
Holdings
Withdrawn status Lost status Source of classification or shelving scheme Damaged status Not for loan Permanent Location Current Location Date acquired Accession Number Price effective from Koha item type
    Library of Congress Classification     NILE UNIVERSITY OF NIGERIA - MAIN LIBRARY NILE UNIVERSITY OF NIGERIA - MAIN LIBRARY 04/23/2025 0005809 04/23/2025 Books